Female Tennis Players by Picture #1 - Statistics

General Stats
  • This quiz has been taken 101 times
  • The average score is 8 of 12
Answer Stats
Picture Answer % Correct
Serena Williams
100%
Steffi Graf
90%
Naomi Osaka
87%
Maria Sharapova
86%
Aryna Sabalenka
80%
Simona Halep
67%
Ashleigh Barty
64%
Kim Clijsters
62%
Paula Badosa
56%
Caroline Wozniacki
53%
Petra Kvitová
53%
Ana Ivanović
47%
No matching quizzes found
Score Distribution
Percent of People with Each Score
Percentile by Number Answered
Your Score History
You have not taken this quiz